|
|
|
|
| LEADER |
00930nam a2200241 a 4500 |
| 001 |
16610906 |
| 008 |
111228s2010 ph a b i000 0 eng d |
| 010 |
|
|
|a 2010440323
|
| 020 |
|
|
|a 9789290920335
|
| 040 |
|
|
|a DLC
|c DLC
|d BD-DhAAL
|
| 082 |
0 |
4 |
|a 370.954
|2 22
|
| 245 |
0 |
0 |
|a Strengthening inclusive education.
|
| 260 |
|
|
|a Mandaluyong City, Metro Manila, Philippines :
|b Asian Development Bank,
|c 2010.
|
| 300 |
|
|
|a vii, 64 p. ;
|c 28 cm.
|
| 500 |
|
|
|a "Focus on education"--Cover.
|
| 500 |
|
|
|a "Publication stock no. TIM101924"--T.p. verso.
|
| 504 |
|
|
|a Includes bibliographical references (p. [59]-64).
|
| 541 |
1 |
|
|e 00024143
|
| 650 |
|
0 |
|a Inclusive education
|z Asia
|
| 710 |
2 |
|
|a Asian Development Bank.
|
| 852 |
1 |
|
|a Ayesha Abed Library
|j General shelf
|
| 999 |
|
|
|c 11704
|d 11704
|
| 952 |
|
|
|0 0
|1 0
|4 0
|6 370_954000000000000_STR
|7 0
|9 19032
|a BRACUL
|b BRACUL
|c GEN
|d 2011-12-29
|e MIDAS
|g 0.00
|l 0
|o 370.954 STR
|p 3010024143
|r 2011-12-29
|t 1
|w 2011-12-29
|y BK
|